000 00456cam a2200193ua 4500
001 7287
005 20260515114202.0
008 141206n ii |||gr||||Z||||||ben
040 _cMAIN
041 _aben
082 _a891.443
100 _aBidyaranta, R. K.,
_eAuhtor.
245 1 _aKolikahini
_cBy Ram Kumar Bidyaratna
250 _a1st.
260 _aKolkatta:
_bSahityarupa,
_c1978.
300 _a187p.
653 _aBengali literature
942 _cBK
999 _c6407
_d6407